Commonhold and Leasehold Reform Act 2002 (Commencement No.5, and Saving and Transitional Provision) Order 2004 (Record no. 103975)

MARC details
000 -LEADER
fixed length control field 01247cam a2200241 4500
008 - FIXED-LENGTH DATA ELEMENTS--GENERAL INFORMATION
fixed length control field 050126n2004 000 0 eng u
020 ## - INTERNATIONAL STANDARD BOOK NUMBER
International Standard Book Number 0110503503
035 ## - SYSTEM CONTROL NUMBER
System control number (Sirsi) u128667
041 ## - LANGUAGE CODE
Language code of text/sound track or separate title eng
245 ## - TITLE STATEMENT
Title Commonhold and Leasehold Reform Act 2002 (Commencement No.5, and Saving and Transitional Provision) Order 2004
260 ## - PUBLICATION, DISTRIBUTION, ETC.
Place of publication, distribution, etc. London
Name of publisher, distributor, etc. HMSO
Date of publication, distribution, etc. 2004
490 ## - SERIES STATEMENT
Series statement SI
Volume/sequential designation 2004: 3056
520 ## - SUMMARY, ETC.
Summary, etc. Subject to the saving and transitional provisions outlined in Art 4, various sections of the Commonhold and Leasehold Reform Act 2002 set out in Art 3 will come into force in England on 28 February 2005. These include ss126, 147, 164-172, 176 and Sched 13 and s180. Repeals s104 of the Act. See Explanatory note for further details. View at www.legislation.hmso.gov.uk.
590 ## - LOCAL NOTE (RLIN)
Local note CLR
650 ## - SUBJECT ADDED ENTRY--TOPICAL TERM
Topical term or geographic name entry element COMMONHOLD AND LEASEHOLD REFORM ACT 2002 (COMMENCEMENT NO.5 AND SAVING AND TRANSITIONAL PROVISION) ORDER 2004
650 ## - SUBJECT ADDED ENTRY--TOPICAL TERM
Topical term or geographic name entry element COMMONHOLD AND LEASEHOLD REFORM ACT 2002
650 ## - SUBJECT ADDED ENTRY--TOPICAL TERM
Topical term or geographic name entry element LONG LEASES
650 ## - SUBJECT ADDED ENTRY--TOPICAL TERM
Topical term or geographic name entry element LEASEHOLDERS
650 ## - SUBJECT ADDED ENTRY--TOPICAL TERM
Topical term or geographic name entry element ENFRANCHISEMENT
690 ## - LOCAL SUBJECT ADDED ENTRY--TOPICAL TERM (OCLC, RLIN)
Topical term or geographic name as entry element LANDLORD AND TENANT-LEASEHOLD REFORM
856 ## - ELECTRONIC LOCATION AND ACCESS
Uniform Resource Identifier <a href="https://www.legislation.hmso.gov.uk/si/si2004/20043056.htm">https://www.legislation.hmso.gov.uk/si/si2004/20043056.htm</a>
Public note View the Order on the HMSO website...
942 ## - ADDED ENTRY ELEMENTS (KOHA)
Suppress in OPAC 0
Holdings
Withdrawn status Lost status Source of classification or shelving scheme Damaged status Not for loan Home library Current library Shelving location Date acquired Total Checkouts Full call number Barcode Date last seen Copy number Price effective from Koha item type
    Dewey Decimal Classification     Virtual Virtual Online 28/01/2005   ONLINE PUBLICATION 128667-2001 06/08/2019 1 06/08/2019 Book